00696nam a2200205 a 4500001001300000003000400013005001700017008004100034010001700075040001300092050001700105100003400122245010500156250002300261260005700284300003300341546001500374504005500389650004600444sa 65007530 DLC20260227112149.0970916s1964 ii b b 000 0 hin  asa 65007530  aDLCcDLC00aR127.2b.V530 aVidyalankar, Atrideva,d1902-10aCaraka saṃhitā kā sāṃskr̥tika anuśīlana /cprastutakartā Atrideva Vidyalaṅkāra. a1. saṃskaraṇa. aVārāṇasī :bŚānti Prakāśana,c[1964] a11, 208 p. :bmaps ;c19 cm. aIn Hindia. aIncludes bibliographical references (p. [295]-298) 0aMedicine, AyurvedicyEarly works to 1800.